000 00533nam a2200181Ia 4500
005 20250508150506.0
008 008 250505s9999 xx 000 0 eng d
037 _aTextual
040 _aFEDL
_beng
_cFEDL
041 _aeng
_2eng
084 _a808.5, KLE
_qFEDL
100 _aKleiser Grenville Co.
_9756808
245 0 _aRadio broadcasting: How to speak convincingly
260 _aNew York, USA
_bFunk and Wagnalls Company
_c1935
300 _aviii,286p
942 _cTEXL
_h808.5, KLE
999 _c1323887
_d1323887